|
|
|
|
| LEADER |
01469nam a22003257a 4500 |
| 001 |
34825 |
| 003 |
BD-DhAAL |
| 005 |
20250828170850.0 |
| 008 |
190722t2016 bg 000 1 ben d |
| 020 |
|
|
|a 9879844842403
|
| 040 |
|
|
|a BD-DhAAL
|c BD-DhAAL
|
| 041 |
|
|
|a ben
|
| 082 |
|
|
|a 891.44371
|2 23
|
| 100 |
1 |
|
|a আহমেদ, হুমায়ূন,
|d ১৯৪৮-২০১২.
|9 6691
|
| 245 |
1 |
0 |
|a অনিল বাগচীর একদিন /
|c হুমায়ূন আহমেদ.
|
| 246 |
|
|
|a Onil Bagchir ekdin
|
| 250 |
|
|
|a নবম সংস্করণ.
|
| 260 |
|
|
|a ঢাকা :
|b শিখা প্রকাশনী,
|c ২০১৬.
|
| 300 |
|
|
|a ৬৩ পৃষ্ঠা ;
|c ২২ সে.মি.
|
| 500 |
|
|
|a Novel.
|
| 526 |
|
|
|a Residential Campus
|
| 541 |
|
|
|a Development Book Agency
|e 34825, 34989
|
| 546 |
|
|
|a In Bengali.
|
| 650 |
|
|
|a Bengali
|v Fiction.
|9 21644
|
| 650 |
|
|
|a Bengali literature.
|
| 852 |
|
|
|a Savar Campus Library
|c General Stacks
|
| 942 |
|
|
|2 ddc
|c BK
|
| 999 |
|
|
|c 40910
|d 40910
|
| 952 |
|
|
|0 0
|1 0
|2 ddc
|4 0
|6 891_443710000000000_AHM
|7 0
|8 FIC
|9 65672
|a SCL
|b SCL
|c GEN
|d 2019-07-17
|e Development Book Agency
|g 88.00
|l 23
|m 25
|o 891.44371 AHM
|p 3020034825
|r 2026-04-15
|s 2026-04-08
|t 1
|v 88.00
|w 2019-07-17
|y BK
|
| 952 |
|
|
|0 0
|1 0
|2 ddc
|4 0
|6 891_443710000000000_AHM
|7 0
|8 FIC
|9 65840
|a BRACUL
|b BRACUL
|c GEN
|d 2019-07-24
|e Development Book Agency
|g 88.00
|l 39
|m 109
|o 891.44371 AHM
|p 3010034989
|q 2026-06-02
|r 2026-05-20
|s 2026-05-20
|t 2
|v 88.00
|w 2019-07-24
|y BK
|